000 00322 a2200109 4500
001 ART_10129
005 20260410161848.0
008 260409a
245 1 0 _aCriterios de desarrollo económico óptimo
100 1 _aMantel, Rolf R.
773 0 _tEconómica
_g- Año XIV, Nº 3 (set./dic. 1968)
_wREV7541
999 _c24701
_d24701